000 00717nam a2200289Ia 4500
005 20260324123108.0
008 008 260324s9999 xx 000 0 eng d
020 _a9780203803196
037 _aEBOOK
040 _aCRL
040 _beng
040 _cCRL
041 _2eng
041 _aeng
084 _qCRL
100 _aSusan J. Lamon
_91169006
245 0 _aMORE! Teaching Fractions and Ratios for Understanding
245 0 _bIn-Depth Discussion and Reasoning Activities
260 _bTaylor and Francis
260 _c2012
365 _a
365 _b300
856 _uhttp://www.taylorfrancis.com/books/9780203803196
942 _cEBOOK
999 _c1762228
_d1762228